What Cover Does Beatstar Use for This Song? #1 - Statistics

General Stats
  • This quiz has been taken 10 times
  • The average score is 11 of 15
Answer Stats
Question Answer % Correct
Can't Feel My Face � The Weeknd The studio album Beauty Behind the Madness
100%
Dare � Gorillaz, Shaun Ryder The studio album Demon Days
100%
Basket Case � Green Day The studio album Dookie
100%
All the Small Things � blink-182 The studio album Enema of the State
100%
abc (nicer) � GAYLE The single "abcdefu", but without "defu" and with "(nicer)" on its cover
80%
Cold Heart (Pnau remix) � Elton John, Dua Lipa The single "Cold Heart (Pnau remix)"
80%
All or Nothing � Cher The studio album Believe
80%
Believer � Imagine Dragons The studio album ƎVOLVE
80%
Circles � Post Malone The studio album Hollywood's Bleeding
80%
Come & Go � Juice WRLD, Marshmello The studio album Legends Never Die
80%
Crazy � Gnarls Barkley The studio album St. Elsewhere
80%
Blinding Lights � The Weeknd The single "Blinding Lights" without the words "BLINDING LIGHTS"
60%
Dilemma � Nelly, Kelly Rowland The studio album Nellyville
60%
1979 � Smashing Pumpkins The deluxe version of the studio album Mellon Collie and the Infinite Sadness
20%
Cheap Thrills � Sia The deluxe version of the studio album This Is Acting
20%
No matching quizzes found
Score Distribution
Percent of People with Each Score
Percentile by Number Answered
Your Score History
You have not taken this quiz